000 00387pab a2200145 454500
008 180718b1997 xxu||||| |||| 00| 0 eng d
100 _aEnChantegui, Maria E.
245 _aLatino neighborhoods and Latino neighborhood poverty
260 _c1997
300 _ap.445-67
650 _aPoverty - United States
650 _aPoverty
773 _aJournal of Urban Affairs
909 _a36819
999 _c36819
_d36819